00972nam a2200277 i 450000100060000000300090000600500170001500700030003200800410003502000180007608000150009408000140010910000290012324500910015225000360024326000420027930000220032149000430034365000310038665000330041770000330045083000500048385200220053399900170055595201220057291843ES-MaACL20250829050157.0t|050223s2004 sp ||||1| spa d a84-206-2928-6 a316.32"19" a130.2"19"1 aGiddens, Anthony.95667210aConsecuencias de la modernidad / cAnthony Giddens ; versión de Ana Lizón Ramón. a1ª ed. en "Ensayo", 3ª reimp. aMadrid : bAlianza Editorial, c2004. a166 p. ; c20 cm.1 aEl libro universitario. Ensayo ; v100 4aEstructura social.9138146 7aPostmodernismo2embne9163291 aLizón Ramón, Ana.97262813aEl libro universitario (Alianza)v1009179736 aES-MaACLjL-28896 c91843d91843 00104070aATENEOMbATENEOMcDEPO2d2008-01-17eSCl0oL-28896p1095894r2023-02-23 00:00:00w2023-02-23yMONOGRAFIA